000 00392nam a2200169Ia 4500
008 210210b1962 xxu||||| |||| 00| 0 eng d
041 _aeng
082 _a320/68
100 _aBRANDT (Richard B) Ed
245 _aSocial justice
260 _aNew Delhi
_bM Sundaram
_c1962
300 _avi,171
650 _aSocial
650 _ajustice
690 _aPolitical Science
906 _a001822
999 _c117086
_d117086